000
00260 a2200097 4500
001
59581
090
_c
36450
_d
36450
100
_a
simmons
245
_a
Global environmental history 10,000 BC to AD 2000
260
_a
Edinburgh
_b
Edinburg University Press
_c
2008
942
_a
NUST-CAE
_k
304.209 SIM
999
_c
294654
_d
294654